Guess the Fusion Rock Song Lyrics #302 - Statistics

General Stats
  • This quiz has been taken 13 times
  • The average score is 154 of 202
Answer Stats
Answer % Correct
I
100%
a
91%
it
91%
of
91%
to
91%
you
91%
did
82%
Do
82%
do
82%
hear
82%
is
82%
just
82%
me
82%
never
82%
Oh
82%
oh
82%
that
82%
time
82%
again
73%
baby
73%
can
73%
for
73%
get
73%
like
73%
more
73%
my
73%
one
73%
enough
64%
isn't
64%
I've
64%
kiss
64%
man
64%
Once
64%
once
64%
with
64%
by
55%
got
55%
Say
55%
tell
55%
Tell
55%
Captain and Tennille
45%
heart
45%
those
36%
words
36%
while
27%
near
18%
Pass
9%
Woah
9%
No matching quizzes found
Score Distribution
Percent of People with Each Score
Percentile by Number Answered
Your Score History
You have not taken this quiz